| 000 | 01661nam a22002297a 4500 | ||
|---|---|---|---|
| 999 |
_c60114 _d60114 |
||
| 003 | Ge_BSU | ||
| 005 | 20230609131518.0 | ||
| 008 | 230609s1977 ge ||||| |||| 00| 0 geo d | ||
| 041 | _ageo | ||
| 080 | _a913.1(479.22) მ-92 | ||
| 100 |
_aმუსხელიშვილი, დავით _918589 |
||
| 245 |
_aსაქართველოს ისტორიული გეოგრაფიის ძირითადი საკითხები. ნაწ. 1 / _cდ. მუსხელიშვილი ; საქ. სსრ მეცნიერებათა აკადემია. ივ. ჯავახიშვილის სახ. ისტორიის, არქეოლოგიისა და ეთნოგრაფიის ინ-ტი. |
||
| 264 |
_aთბილისი : _bმეცნიერება, _c1977. |
||
| 300 |
_a258 გვ. : _bდანართი: რუკა 1 ფ., დაკ. 8 გვ. _c22 სმ. |
||
| 501 | _aსაძიებელი: გვ. 238-256. | ||
| 520 | _aრეზ. რუს. ენ. | ||
| 653 | _aსაქართველოს ისტორიული გეოგრაფია. | ||
| 700 |
_aძიძიგური, ვ. _eრედაქტორი _93813 |
||
| 700 |
_aნადირაძე, გ., _eმხატვარი _918590 |
||
| 710 |
_aსაქ. სსრ მეცნიერებათა აკადემია _bივ. ჯავახიშვილის სახ. ისტორიის, არქეოლოგიისა და ეთნოგრაფიის ინსტიტუტი _918591 |
||
| 942 |
_2udc _cBK |
||